[Event "Titled Tue 20th May Early"]
[Site "chess.com INT"]
[Date "2025.05.20"]
[Round "5"]
[White "Hehir, Michael"]
[Black "Newansa, M Esandi"]
[Result "1/2-1/2"]
[BlackTitle "WCM"]
[WhiteElo "2009"]
[BlackElo "1947"]
[WhiteFideId "2047411"]
[BlackFideId "9999060"]
[EventDate "2025.05.20"]

1. d4 d5 2. c4 c6 3. Nf3 Nf6 4. Nc3 dxc4 5. a4 Bf5 6. Ne5 Nbd7 7. Nxc4 Nb6 8.
Ne5 a5 9. f3 e6 10. e4 Bg6 11. Be2 Nbd7 12. Nxg6 hxg6 13. Bg5 Qb6 14. Qd2 Bb4
15. Be3 Qc7 16. Bf4 e5 17. dxe5 Nxe5 18. O-O O-O 19. Rfd1 Qb6+ 20. Be3 Bc5 21.
Bxc5 Qxc5+ 22. Qd4 Qe7 23. Qd6 Rfe8 24. Qxe7 Rxe7 25. Rd2 Ned7 26. Rad1 Kf8 27.
Bc4 Ke8 28. Kf2 Ne5 29. Be2 Rd7 30. h3 Rad8 31. Rxd7 Rxd7 32. Rxd7 Nexd7 33. f4
Nc5 34. Ke3 Kd7 35. Bc4 Ke7 36. g4 Nfd7 37. Kd4 f6 38. h4 Ne6+ 39. Ke3 Ndc5 40.
e5 Nd7 41. exf6+ gxf6 42. Bd3 Kf7 43. Bc4 Ke7 44. Bd3 Kf7 45. Bc4 Ke7 1/2-1/2

[Event "Titled Tue 20th May Early"]
[Site "chess.com INT"]
[Date "2025.05.20"]
[Round "5"]
[White "Barria Zuniga, Daniel"]
[Black "Bachmann, Axel"]
[Result "1-0"]
[WhiteTitle "IM"]
[BlackTitle "GM"]
[WhiteElo "2341"]
[BlackElo "2570"]
[WhiteFideId "3400816"]
[BlackFideId "3700488"]
[EventDate "2025.05.20"]

1. d4 Nf6 2. c4 e6 3. Nf3 c5 4. d5 exd5 5. cxd5 d6 6. Nc3 g6 7. h3 Bg7 8. e4 O-O
9. Bd3 Re8 10. O-O Na6 11. Re1 Nc7 12. Bf4 b5 13. a3 Rb8 14. Bh2 b4 15. axb4
Rxb4 16. Rxa7 Rxb2 17. e5 dxe5 18. Nxe5 Nfxd5 19. Nxd5 Nxd5 20. Nxf7 Rxe1+ 21.
Qxe1 Qf8 22. Bd6 Bc3 23. Qe4 Nf6 24. Qc4 1-0

[Event "Titled Tue 20th May Early"]
[Site "chess.com INT"]
[Date "2025.05.20"]
[Round "5"]
[White "Yushko, Olga"]
[Black "Ghoreishi Amiri, Seyed Kian"]
[Result "0-1"]
[WhiteTitle "WFM"]
[BlackTitle "CM"]
[WhiteElo "2036"]
[BlackElo "2215"]
[WhiteFideId "14114500"]
[BlackFideId "36757527"]
[EventDate "2025.05.20"]

1. d4 Nf6 2. c4 g6 3. Nc3 Bg7 4. Nf3 O-O 5. Bg5 d6 6. e3 Nbd7 7. Be2 a5 8. O-O
e5 9. Qc2 h6 10. Bh4 Re8 11. Rad1 exd4 12. Nxd4 Ne5 13. Nd5 c6 14. Nxf6+ Bxf6
15. Bg3 Qe7 16. a3 a4 17. Rd2 h5 18. h3 h4 19. Bh2 Bg7 20. Rfd1 Rd8 21. Nf3
Nxf3+ 22. Bxf3 Be5 23. Bxe5 Qxe5 24. Qe4 Qxe4 25. Bxe4 Be6 26. Rxd6 Rxd6 27.
Rxd6 Bxc4 28. Rd7 Ba6 29. Rd4 Bb5 30. Bc2 Kg7 31. Rxh4 c5 32. Re4 Bc6 33. Rc4 b6
34. Kf1 Bb5 35. Bd3 Bxc4 36. Bxc4 f5 37. Ke2 Ra5 38. h4 b5 39. Bd5 b4 40. Kd3
bxa3 41. bxa3 Rb5 42. Kc3 Kf6 43. Bc6 Rb3+ 44. Kc4 Rxa3 45. Bb5 Ra1 46. Kxc5 a3
47. Bc4 Rc1 0-1

[Event "Titled Tue 20th May Early"]
[Site "chess.com INT"]
[Date "2025.05.20"]
[Round "5"]
[White "Pacheco, Daniel"]
[Black "Kjaergaard-Jensen, Jesper"]
[Result "0-1"]
[WhiteTitle "FM"]
[BlackTitle "CM"]
[WhiteElo "2191"]
[BlackElo "2081"]
[WhiteFideId "101680"]
[BlackFideId "1406990"]
[EventDate "2025.05.20"]

1. c4 Nf6 2. b3 d6 3. Bb2 a5 4. g3 e5 5. Bg2 c6 6. e3 Nbd7 7. Ne2 e4 8. Nbc3 Nc5
9. Nc1 Bg4 10. Qc2 Bf5 11. h3 h5 12. a3 Be7 13. Na4 Nd3+ 14. Nxd3 exd3 15. Qb1
O-O 16. Nc3 d5 17. cxd5 cxd5 18. g4 hxg4 19. hxg4 Nxg4 20. Nxd5 Bh4 21. Rf1 Re8
22. Bd4 Qg5 23. Nf4 Qxf4 0-1

[Event "Titled Tue 20th May Early"]
[Site "chess.com INT"]
[Date "2025.05.20"]
[Round "5"]
[White "Goncharov, Vladimir"]
[Black "May Sanchez, Andres Elias"]
[Result "1-0"]
[WhiteElo "2077"]
[BlackElo "2209"]
[WhiteFideId "34162256"]
[BlackFideId "5150973"]
[EventDate "2025.05.20"]

1. d4 Nf6 2. c4 c5 3. d5 d6 4. Nc3 g6 5. e4 Bg7 6. h3 O-O 7. Bd3 e6 8. Nf3 exd5
9. cxd5 b5 10. Nxb5 Nxe4 11. Bxe4 Re8 12. Ng5 h6 13. Ne6 Bxe6 14. dxe6 Rxe6 15.
O-O Rxe4 16. Qd5 Rb4 17. Nxd6 Nd7 18. Nxf7 Rd4 19. Qxd4 cxd4 20. Nxd8 Rxd8 21.
Rd1 Nc5 22. Bd2 Nd3 23. Ba5 Rd5 24. Rxd3 Rxa5 25. b4 Rb5 26. a3 a5 27. bxa5 Rxa5
28. Rb1 g5 29. g4 Rc5 30. Rb7 Kh7 31. Rxd4 Rc1+ 32. Kg2 1-0

[Event "Titled Tue 20th May Early"]
[Site "chess.com INT"]
[Date "2025.05.20"]
[Round "5"]
[White "Sklokin, Sergey"]
[Black "Christie, Joshua"]
[Result "1-0"]
[WhiteTitle "FM"]
[BlackTitle "FM"]
[WhiteElo "2311"]
[BlackElo "2213"]
[WhiteFideId "55730230"]
[BlackFideId "7402074"]
[EventDate "2025.05.20"]

1. d4 Nf6 2. c4 e6 3. Nf3 Bb4+ 4. Nbd2 O-O 5. g3 b6 6. Bg2 Bb7 7. O-O d5 8. Qc2
Nbd7 9. h4 Bd6 10. b3 c5 11. Bb2 Rc8 12. Rad1 a6 13. e4 cxd4 14. exd5 e5 15. Qb1
Re8 16. Rfe1 Rc7 17. Ng5 h6 18. Nge4 Nxe4 19. Nxe4 Bf8 20. Qd3 Nc5 21. Nxc5 bxc5
22. Re2 Bd6 23. Rde1 Bc8 24. b4 f5 25. bxc5 e4 26. cxd6 Qxd6 27. Qxd4 1-0

[Event "Titled Tue 20th May Early"]
[Site "chess.com INT"]
[Date "2025.05.20"]
[Round "5"]
[White "Reefat, Bin-Sattar"]
[Black "Murawski, Jan"]
[Result "0-1"]
[WhiteTitle "GM"]
[BlackTitle "CM"]
[WhiteElo "2331"]
[BlackElo "2191"]
[WhiteFideId "10200207"]
[BlackFideId "21009287"]
[EventDate "2025.05.20"]

1. e4 g6 2. d4 Bg7 3. Nc3 c5 4. dxc5 Bxc3+ 5. bxc3 Nf6 6. e5 Ne4 7. Qd4 Qa5 8.
Qxe4 Qxc3+ 9. Kd1 Qxa1 10. Nf3 Nc6 11. Bc4 d6 12. cxd6 Bf5 13. Qd5 O-O-O 14. Ke2
exd6 15. Ba6 Kc7 16. Qxf7+ Rd7 17. Qf6 Re8 0-1

[Event "Titled Tue 20th May Early"]
[Site "chess.com INT"]
[Date "2025.05.20"]
[Round "5"]
[White "Smieszek, Wojciech"]
[Black "Chaulagain, Purusottam"]
[Result "1-0"]
[WhiteTitle "CM"]
[BlackTitle "CM"]
[WhiteElo "2141"]
[BlackElo "1898"]
[WhiteFideId "1156047"]
[BlackFideId "12300730"]
[EventDate "2025.05.20"]

1. e4 d5 2. exd5 Qxd5 3. Nf3 Nf6 4. d4 Bf5 5. c4 Qe4+ 6. Be2 e6 7. Nc3 Qc2 8.
O-O Qxd1 9. Rxd1 c6 10. d5 exd5 11. cxd5 cxd5 12. Nb5 Na6 13. Nbd4 Bd7 14. Bxa6
bxa6 15. Re1+ Be7 16. Bg5 Kf8 17. Ne5 Rd8 18. Ndc6 Bxc6 19. Nxc6 Rd7 20. Rad1 h6
21. Be3 g6 22. Nxe7 Kxe7 23. Bd4+ Ne4 24. Bxh8 Kf8 25. Rxe4 Rb7 26. Ra4 Kg8 27.
Bd4 f5 28. Rxa6 1-0

[Event "Titled Tue 20th May Early"]
[Site "chess.com INT"]
[Date "2025.05.20"]
[Round "5"]
[White "Kshatriya, Nitin Vekhande"]
[Black "Aarav Sinha"]
[Result "1-0"]
[WhiteTitle "FM"]
[BlackTitle "FM"]
[WhiteElo "2255"]
[BlackElo "2255"]
[WhiteFideId "45075530"]
[BlackFideId "25674064"]
[EventDate "2025.05.20"]

1. e4 c5 2. Nf3 d6 3. d4 cxd4 4. Nxd4 Nf6 5. Nc3 a6 6. Be2 e5 7. Nb3 Be7 8. O-O
Be6 9. Kh1 Nbd7 10. f4 Rc8 11. Be3 O-O 12. f5 Bc4 13. g4 Bxe2 14. Qxe2 Rxc3 15.
bxc3 Nxe4 16. Qd3 d5 17. Qxd5 Nxc3 18. Qxb7 Nf6 19. g5 Nfd5 20. f6 gxf6 21. gxf6
Bxf6 22. Bh6 Qa8 23. Qxa8 Rxa8 24. Rxf6 Nxf6 25. Rg1+ Kh8 26. Bg7+ Kg8 27. Bxf6+
Kf8 28. Bxe5 Nxa2 29. Bd6+ 1-0

[Event "Titled Tue 20th May Early"]
[Site "chess.com INT"]
[Date "2025.05.20"]
[Round "5"]
[White "Ilinca, Felix-Antonio"]
[Black "Sjugirov, Sanan"]
[Result "0-1"]
[WhiteTitle "IM"]
[BlackTitle "GM"]
[WhiteElo "2420"]
[BlackElo "2638"]
[WhiteFideId "54764998"]
[BlackFideId "4189302"]
[EventDate "2025.05.20"]

1. d4 Nf6 2. Nc3 d5 3. Bf4 c6 4. e3 Bf5 5. Bd3 e6 6. Bxf5 exf5 7. Nf3 Nbd7 8.
O-O Be7 9. Ne2 O-O 10. b3 a5 11. a4 Re8 12. c4 g6 13. h3 Qb6 14. Qc2 Qa6 15.
Rfc1 Rac8 16. Ne5 Nxe5 17. Bxe5 Rcd8 18. Bxf6 Bxf6 19. Nf4 dxc4 20. Qxc4 Qa8 21.
b4 axb4 22. Qxb4 Be7 23. Qb3 Bd6 24. Nd3 Re7 25. a5 Qa6 26. g3 h5 27. h4 Bxg3
28. fxg3 Rxe3 29. Rc3 Rxg3+ 30. Kh2 Re3 31. Ne5 Qe2+ 32. Kh1 Rxe5 33. dxe5 Rd2 0-1

[Event "Titled Tue 20th May Early"]
[Site "chess.com INT"]
[Date "2025.05.20"]
[Round "5"]
[White "Ostanin, Vadim"]
[Black "Rahman, Masruri"]
[Result "0-1"]
[WhiteTitle "FM"]
[BlackTitle "FM"]
[WhiteElo "2317"]
[BlackElo "2407"]
[WhiteFideId "24125016"]
[BlackFideId "7101163"]
[EventDate "2025.05.20"]

1. e4 e6 2. d4 d5 3. Nc3 Bb4 4. e5 c5 5. Bd2 Ne7 6. Nf3 cxd4 7. Nb5 Bxd2+ 8.
Qxd2 O-O 9. Nbxd4 Nbc6 10. c3 Ng6 11. Qe3 Qb6 12. O-O-O Bd7 13. h4 h6 14. h5
Nge7 15. g4 Nxd4 16. Nxd4 f6 17. f4 Rac8 18. exf6 Rxf6 19. g5 Nf5 20. Qg1 hxg5
21. fxg5 Rff8 22. h6 Nxd4 23. hxg7 Rf2 24. Bd3 Qxb2# 0-1

[Event "Titled Tue 20th May Early"]
[Site "chess.com INT"]
[Date "2025.05.20"]
[Round "5"]
[White "Zlatin, Alexander"]
[Black "Scheglov, Gleb"]
[Result "0-1"]
[WhiteTitle "FM"]
[BlackTitle "FM"]
[WhiteElo "2306"]
[BlackElo "2318"]
[WhiteFideId "2810549"]
[BlackFideId "34356266"]
[EventDate "2025.05.20"]

1. e4 e5 2. Nf3 d6 3. c3 Nf6 4. d4 exd4 5. Qxd4 Nc6 6. Qa4 Be7 7. Be2 O-O 8. O-O
Bd7 9. Qc2 Re8 10. Bg5 h6 11. Bxf6 Bxf6 12. Nbd2 Qc8 13. Bc4 a6 14. Qb3 Re7 15.
a4 Na5 16. Qc2 Nxc4 17. Nxc4 Bc6 18. Rfe1 Qg4 19. h3 Qg6 20. Ncd2 Rae8 21. Re2
Bxe4 22. Nxe4 Rxe4 23. Rae1 Rxe2 24. Rxe2 Qxc2 25. Rxc2 b5 26. axb5 axb5 27. Kf1
g5 28. Re2 Ra8 29. g4 Kf8 30. Nd2 c5 31. Ne4 Be7 32. b3 Ra3 33. Rb2 d5 34. Ng3
Bf6 35. Nf5 Bxc3 36. Rc2 b4 37. Nxh6 Rxb3 38. Nf5 d4 39. Ke2 c4 40. Kf3 d3 41.
Ra2 Ra3 42. Rxa3 bxa3 43. h4 a2 44. h5 a1=Q 45. h6 Qh1+ 46. Ke3 d2 47. f4 d1=Q
48. fxg5 Qhf3# 0-1

[Event "Titled Tue 20th May Early"]
[Site "chess.com INT"]
[Date "2025.05.20"]
[Round "5"]
[White "Pranesh, M"]
[Black "Pham, Le Thao Nguyen"]
[Result "1-0"]
[WhiteTitle "GM"]
[BlackTitle "IM"]
[WhiteElo "2576"]
[BlackElo "2388"]
[WhiteFideId "35028600"]
[BlackFideId "12401226"]
[EventDate "2025.05.20"]

1. d4 Nf6 2. Bf4 d5 3. Nd2 e6 4. e3 Bd6 5. Ngf3 O-O 6. c3 b6 7. h4 Bxf4 8. exf4
Ba6 9. h5 h6 10. Bxa6 Nxa6 11. Ne5 c5 12. g4 Nd7 13. Nef3 Qf6 14. g5 Qxf4 15.
Rh4 Qf5 16. gxh6 gxh6 17. Qe2 Nab8 18. O-O-O Kh7 19. Qe3 Nc6 20. Rf4 cxd4 21.
cxd4 Qxh5 22. Rh4 Qg6 23. Rg1 Rg8 24. Rxg6 Rxg6 25. Qf4 Nf6 26. Ne5 Nxe5 27.
dxe5 Rc8+ 28. Kd1 Ne8 29. Qxf7+ Ng7 30. Nf3 Rg2 31. Rh3 Rc4 32. Qf6 Rg6 33. Ng5+ 1-0

[Event "Titled Tue 20th May Early"]
[Site "chess.com INT"]
[Date "2025.05.20"]
[Round "5"]
[White "Gutierrez Olivares, Daniel"]
[Black "Tekeyev, Zaur"]
[Result "0-1"]
[WhiteTitle "FM"]
[BlackTitle "IM"]
[WhiteElo "2354"]
[BlackElo "2417"]
[WhiteFideId "2264005"]
[BlackFideId "4199731"]
[EventDate "2025.05.20"]

1. c4 g6 2. g3 Bg7 3. Nc3 d6 4. Bg2 e5 5. e3 Nc6 6. Nge2 Nge7 7. d3 Be6 8. Qd2
O-O 9. b3 d5 10. cxd5 Nxd5 11. Na4 Ndb4 12. Nc5 Bf5 13. e4 Bg4 14. f3 b6 15. a3
bxc5 16. axb4 Be6 17. bxc5 Nd4 18. Nxd4 Qxd4 19. Bb2 Qxc5 20. Ba3 Qd4 21. Bb2
Qb6 22. b4 Rfd8 23. Ke2 Bc4 24. Ra3 Rxd3 25. Rxd3 Rd8 26. Qh6 Bxd3+ 0-1

[Event "Titled Tue 20th May Early"]
[Site "chess.com INT"]
[Date "2025.05.20"]
[Round "5"]
[White "Drygalov, Sergey"]
[Black "Beerdsen, Thomas"]
[Result "1-0"]
[WhiteTitle "GM"]
[BlackTitle "GM"]
[WhiteElo "2560"]
[BlackElo "2535"]
[WhiteFideId "24171743"]
[BlackFideId "1030108"]
[EventDate "2025.05.20"]

1. d4 d5 2. c4 Nc6 3. Nc3 Nf6 4. Bg5 e6 5. Nf3 Bb4 6. e3 h6 7. Bh4 g5 8. Bg3 Ne4
9. Nd2 Nxc3 10. bxc3 Bxc3 11. Rc1 Ba5 12. Be2 Qf6 13. h4 Bd7 14. h5 O-O 15. O-O
Rad8 16. Nf3 Qe7 17. Bd3 dxc4 18. Bxc4 Bb6 19. Bd3 f5 20. Bc4 Be8 21. Ne5 f4 22.
exf4 Rxd4 23. Qe2 Nxe5 24. Qxe5 Rxc4 25. Rxc4 Rf5 26. Qe4 Bb5 27. fxg5 Bxc4 28.
Qxc4 Rxg5 29. Bh4 Rc5 30. Qg4+ Qg7 31. Qxe6+ Qf7 32. Qg4+ Qg7 33. Qe6+ Qf7 34.
Qg4+ Kh8 35. Re1 Rxh5 36. Bf6+ Kh7 37. Re7 1-0

[Event "Titled Tue 20th May Early"]
[Site "chess.com INT"]
[Date "2025.05.20"]
[Round "5"]
[White "Pavlidou, Ekaterini"]
[Black "Kosteniuk, Alexandra"]
[Result "0-1"]
[WhiteTitle "WIM"]
[BlackTitle "GM"]
[WhiteElo "2198"]
[BlackElo "2479"]
[WhiteFideId "4213262"]
[BlackFideId "4128125"]
[EventDate "2025.05.20"]

1. d4 f5 2. c4 Nf6 3. Nc3 g6 4. h4 Bg7 5. h5 Nxh5 6. e4 Nf6 7. e5 Ne4 8. Nxe4
fxe4 9. Bh6 Bxh6 10. Rxh6 d5 11. Qc2 Nc6 12. O-O-O Bf5 13. Qb3 Na5 14. Qa4+ c6
15. cxd5 Qxd5 16. Ne2 e6 17. Nf4 Qd8 18. d5 Qg5 19. g3 Qxh6 20. Qxa5 exd5 21.
Qc5 Qf8 22. Qd4 Qg7 23. Be2 O-O 24. g4 Bxg4 25. Bxg4 Rxf4 26. Be6+ Kh8 27. Rh1
Re8 0-1

[Event "Titled Tue 20th May Early"]
[Site "chess.com INT"]
[Date "2025.05.20"]
[Round "5"]
[White "Haug, Havard"]
[Black "Ternault, Mathieu"]
[Result "1-0"]
[WhiteTitle "FM"]
[BlackTitle "FM"]
[WhiteElo "2354"]
[BlackElo "2273"]
[WhiteFideId "1547887"]
[BlackFideId "20641532"]
[EventDate "2025.05.20"]

1. e4 e6 2. d4 d5 3. Nc3 Bb4 4. Ne2 Nc6 5. exd5 exd5 6. a3 Ba5 7. g3 Bg4 8. Bg2
Bxc3+ 9. bxc3 Qd7 10. h3 Bf5 11. Nf4 Nge7 12. Be3 O-O-O 13. Nd3 b6 14. a4 f6 15.
a5 h5 16. axb6 axb6 17. Qb1 Be4 18. Nc5 Qf5 19. Ra8+ Nb8 20. Qb5 Nc6 21. Qa6# 1-0

[Event "Titled Tue 20th May Early"]
[Site "chess.com INT"]
[Date "2025.05.20"]
[Round "5"]
[White "Williams, Simon K"]
[Black "Bahmani, Koorosh"]
[Result "1-0"]
[WhiteTitle "GM"]
[BlackTitle "CM"]
[WhiteElo "2445"]
[BlackElo "2208"]
[WhiteFideId "404454"]
[BlackFideId "42576750"]
[EventDate "2025.05.20"]

1. d4 d5 2. c4 c6 3. Nc3 Nf6 4. Nf3 e6 5. Bg5 dxc4 6. e4 b5 7. e5 h6 8. Bh4 g5
9. Bg3 Nd5 10. Nd2 Be7 11. Be2 Bb7 12. O-O a6 13. Nde4 Nd7 14. a4 Qb6 15. Bh5
Rf8 16. Qd2 O-O-O 17. Rfd1 c5 18. axb5 axb5 19. Nxd5 Bxd5 20. Nc3 Bb7 21. d5 b4
22. Na4 Qb5 23. d6 Nxe5 24. dxe7 Nd3 25. b3 c3 26. Qxd3 Rxd3 1-0

[Event "Titled Tue 20th May Early"]
[Site "chess.com INT"]
[Date "2025.05.20"]
[Round "5"]
[White "Gibala, Adam"]
[Black "Sailer, Mike"]
[Result "1-0"]
[WhiteTitle "CM"]
[WhiteElo "2239"]
[BlackElo "2108"]
[WhiteFideId "21070288"]
[BlackFideId "2012901"]
[EventDate "2025.05.20"]

1. Nf3 d5 2. c4 c6 3. d4 Nf6 4. g3 g6 5. Bg2 Bg7 6. O-O O-O 7. Ne5 Bf5 8. Nc3
Ne4 9. cxd5 Nxc3 10. bxc3 cxd5 11. Qb3 Bxe5 12. dxe5 Qc7 13. Bxd5 Nc6 14. Bh6
Na5 15. Qb4 Rfd8 16. e4 Be6 17. Bxe6 fxe6 18. Bg5 Nc6 19. Qb3 Qxe5 20. Qxb7 Qxg5
21. Qxc6 Qe5 22. Rfd1 Rdc8 23. Qb7 Qc7 24. Qa6 Qc6 25. Rd8+ Kg7 26. Qxc6 1-0

[Event "Titled Tue 20th May Early"]
[Site "chess.com INT"]
[Date "2025.05.20"]
[Round "5"]
[White "Fernandes, Rogerio Paulo Muller"]
[Black "Vyom Malhotra"]
[Result "0-1"]
[BlackTitle "CM"]
[WhiteElo "2241"]
[BlackElo "1975"]
[WhiteFideId "2101599"]
[BlackFideId "33383561"]
[EventDate "2025.05.20"]

1. c4 Nf6 2. g3 e5 3. Bg2 c6 4. Nf3 e4 5. Nd4 Qb6 6. Nc2 d5 7. cxd5 cxd5 8. O-O
Be7 9. d3 O-O 10. dxe4 dxe4 11. Nc3 Bf5 12. Bg5 Rd8 13. Qc1 Qe6 14. Rd1 Nc6 15.
Nb5 Qc4 16. Nca3 Qxe2 17. Re1 Qd3 18. Bf1 Qd7 19. Be2 h6 20. Rd1 Qc8 21. Bxf6
Bxf6 22. Nd6 Qe6 23. Nxf5 Qxf5 24. Rxd8+ Rxd8 25. Nc4 Nd4 26. Bd1 Nf3+ 27. Bxf3
exf3 28. Ne3 Qh3 29. Qf1 Qxf1+ 30. Kxf1 Rd2 31. Rd1 Rxb2 32. a4 Ra2 33. Ng4 Rxa4
34. Nxf6+ gxf6 35. Ke1 Re4+ 36. Kf1 b5 37. Rd3 a5 38. Rxf3 Kg7 39. Rf5 Rb4 40.
Rc5 a4 41. Kg2 a3 42. Rc3 Ra4 0-1

[Event "Titled Tue 20th May Early"]
[Site "chess.com INT"]
[Date "2025.05.20"]
[Round "5"]
[White "Leschinsky, Gary"]
[Black "Marynychenko, Yehor"]
[Result "1-0"]
[BlackTitle "CM"]
[WhiteElo "1992"]
[BlackElo "2183"]
[WhiteFideId "30951321"]
[BlackFideId "34160558"]
[EventDate "2025.05.20"]

1. Nf3 Nf6 2. c4 c5 3. Nc3 Nc6 4. d4 cxd4 5. Nxd4 g6 6. g3 Bg7 7. Bg2 Nxd4 8.
Qxd4 O-O 9. O-O d6 10. Qd3 a6 11. a4 Qc7 12. Bg5 Be6 13. b3 Ng4 14. Rac1 h6 15.
Bf4 g5 16. Nd5 Bxd5 17. cxd5 Qb6 18. Qf5 Nxf2 19. Rxf2 gxf4 20. Be4 Rfe8 21. Kg2
Qe3 22. Rcf1 e6 23. Qh7+ Kf8 24. Rxf4 Re7 25. dxe6 Qxe2+ 26. Kh1 Ke8 27. exf7+
Kd7 28. Bf5+ Kc7 29. Qxg7 Qd2 30. f8=Q Qd5+ 31. Be4 Rxf8 32. Qxf8 1-0

[Event "Titled Tue 20th May Early"]
[Site "chess.com INT"]
[Date "2025.05.20"]
[Round "5"]
[White "Bashirli, Saadat"]
[Black "Ndirangu, Nyaruai, Joyce"]
[Result "1-0"]
[WhiteTitle "WCM"]
[BlackTitle "WCM"]
[WhiteElo "1941"]
[BlackElo "1933"]
[WhiteFideId "13429990"]
[BlackFideId "10802886"]
[EventDate "2025.05.20"]

1. d4 d5 2. c4 Nf6 3. cxd5 Nxd5 4. e4 Nf6 5. Nc3 g6 6. Nf3 Bg7 7. Be2 c6 8. O-O
Bg4 9. h3 Bxf3 10. Bxf3 O-O 11. Re1 Nbd7 12. e5 Ne8 13. Bf4 e6 14. Ne4 Nc7 15.
Bg5 Qb8 16. Rc1 h6 17. Be7 Re8 18. Bd6 Nb6 19. a4 Qd8 20. a5 Nbd5 21. Qd2 Nb5
22. Ba3 f5 23. exf6 Nxf6 24. Nxf6+ Bxf6 25. Qxh6 Nxd4 26. Qxg6+ Bg7 27. Be4 Qf6
28. Qh7+ Kf7 29. Qh5+ Kg8 30. Bh7+ Kh8 31. Bg6+ Kg8 32. Qh7# 1-0

[Event "Titled Tue 20th May Early"]
[Site "chess.com INT"]
[Date "2025.05.20"]
[Round "5"]
[White "Pein, Jonathan"]
[Black "Popovic, Dobrivoj"]
[Result "1-0"]
[WhiteTitle "FM"]
[BlackTitle "CM"]
[WhiteElo "2237"]
[BlackElo "1945"]
[WhiteFideId "417092"]
[BlackFideId "907103"]
[EventDate "2025.05.20"]

1. e4 e5 2. Nf3 Nf6 3. Bc4 Nxe4 4. Nc3 Nf6 5. Nxe5 d5 6. Bb3 Be7 7. d4 O-O 8.
O-O c6 9. Ne2 Ne4 10. Ng3 Nd6 11. c3 Be6 12. Bc2 Nd7 13. Qd3 g6 14. Bh6 Re8 15.
Rae1 Bf6 16. Nh5 Bh8 17. Nf4 Bf5 18. Qd2 Bxc2 19. Qxc2 Nxe5 20. dxe5 Nc4 21. Nd3
Qh4 22. Bc1 Nxe5 23. Nxe5 Bxe5 24. g3 Qh3 25. Re3 Qd7 26. Rfe1 Bg7 27. Qe2 Kf8
28. b3 Rxe3 29. Qxe3 Re8 30. Ba3+ c5 31. Bxc5+ Re7 32. Qxe7+ Qxe7 33. Rxe7 Bf6
34. Rxb7+ Kg7 35. Bd4 1-0

[Event "Titled Tue 20th May Early"]
[Site "chess.com INT"]
[Date "2025.05.20"]
[Round "5"]
[White "Masague Artero, Guerau"]
[Black "Buscar, Michael"]
[Result "1-0"]
[WhiteTitle "FM"]
[WhiteElo "2326"]
[BlackElo "2016"]
[WhiteFideId "32098952"]
[BlackFideId "2603616"]
[EventDate "2025.05.20"]

1. Nf3 Nf6 2. g3 g6 3. Bg2 Bg7 4. O-O O-O 5. d4 d5 6. c4 c6 7. cxd5 cxd5 8. Ne5
Nc6 9. Nc3 Bf5 10. Bf4 Rc8 11. Qb3 Nxd4 12. Qxb7 Rb8 13. Qxa7 Rxb2 14. Qxd4 e6
15. a4 Qa5 16. Nb5 Rxe2 17. Nc6 Qa6 18. Ne7+ Kh8 19. Be5 Rxe5 20. Qxe5 Ng8 21.
Qc7 Bxa1 22. Rxa1 Ra8 23. h4 Bd3 24. Nxg8 Kxg8 25. Nd6 Ra7 26. Qd8+ Kg7 27. Ne8+
Kf8 28. Nc7+ Kg7 29. Nxa6 Rxa6 30. Qc7 h5 31. Qc3+ 1-0

[Event "Titled Tue 20th May Early"]
[Site "chess.com INT"]
[Date "2025.05.20"]
[Round "5"]
[White "Shubhi Gupta"]
[Black "Nimmy, A.G."]
[Result "1-0"]
[WhiteTitle "WFM"]
[BlackTitle "WIM"]
[WhiteElo "2187"]
[BlackElo "1990"]
[WhiteFideId "25195425"]
[BlackFideId "5015308"]
[EventDate "2025.05.20"]

1. d4 d5 2. Nf3 Nf6 3. Bg5 e6 4. e3 Be7 5. Nbd2 O-O 6. Bd3 b6 7. c3 Bb7 8. O-O
c5 9. Ne5 Nbd7 10. f4 Ne4 11. Bxe7 Qxe7 12. Ndf3 Rad8 13. Qc2 f5 14. Rad1 Ndf6
15. c4 Rc8 16. cxd5 cxd4 17. Qe2 Bxd5 18. Nxd4 Rfd8 19. Rc1 Nc5 20. Bb1 a5 21.
a3 Nfe4 22. b4 Nb3 23. Nxb3 Bxb3 24. Nc6 Rxc6 25. Rxc6 Rd2 26. Rc8+ Kf7 27. Qh5+
Kf6 28. Bxe4 fxe4 29. Re8 Qf7 30. Qg5# 1-0

[Event "Titled Tue 20th May Early"]
[Site "chess.com INT"]
[Date "2025.05.20"]
[Round "5"]
[White "Nezamyatin, Ruslan"]
[Black "Dicen, Elis Denele"]
[Result "0-1"]
[WhiteTitle "CM"]
[BlackTitle "WFM"]
[WhiteElo "2070"]
[BlackElo "2135"]
[WhiteFideId "24153451"]
[BlackFideId "462560"]
[EventDate "2025.05.20"]

1. d4 d5 2. c4 e6 3. Nc3 Nf6 4. Nf3 Be7 5. Bg5 Nbd7 6. cxd5 exd5 7. e3 c6 8. Bd3
Nh5 9. Bxe7 Qxe7 10. Qc2 Nf4 11. O-O Nxd3 12. Qxd3 O-O 13. e4 dxe4 14. Nxe4 Nf6
15. Rfe1 Bg4 16. Ne5 Bh5 17. Ng3 Qd6 18. Nf5 Qd8 19. h4 Re8 20. Qg3 Bg6 21. Nxg6
hxg6 22. Nd6 Rxe1+ 23. Rxe1 Qd7 24. Ne4 Qxd4 25. Nxf6+ Qxf6 26. Qc7 Qxb2 27. Re7
Rf8 28. a4 Qb4 29. a5 Qxh4 30. Qxb7 Rd8 31. Qb3 Qxe7 0-1

[Event "Titled Tue 20th May Early"]
[Site "chess.com INT"]
[Date "2025.05.20"]
[Round "5"]
[White "Akhilbay, Imangali"]
[Black "Terkiewicz, Bruno"]
[Result "0-1"]
[WhiteTitle "FM"]
[BlackTitle "CM"]
[WhiteElo "2346"]
[BlackElo "2183"]
[WhiteFideId "13734857"]
[BlackFideId "21093245"]
[EventDate "2025.05.20"]

1. b3 a5 2. Bb2 a4 3. bxa4 Rxa4 4. Nc3 Rb4 5. Ba3 Rb6 6. e4 d6 7. Nd5 Rc6 8. Bb5
g6 9. Bb2 e5 10. Nb4 Bg7 11. d4 Qh4 12. Qd3 exd4 13. Nf3 Qg4 14. Bxd4 Bxd4 15.
Qxd4 Qxg2 16. Qxh8 Kf8 17. Nxc6 Qxf3 18. Nd4 Qxh1+ 19. Kd2 Qxh2 20. Ke2 Bg4+ 21.
Nf3 Qf4 22. Qc3 Qxe4+ 23. Kf1 Bxf3 24. Re1 Be2+ 25. Kg1 Qg4+ 26. Kh2 Bxb5 27.
Qxc7 Qf4+ 28. Kg1 Nc6 29. Qxb7 Qg5+ 30. Kh2 Nf6 31. c4 Ng4+ 32. Kg3 Nge5+ 33.
Kh2 Nf3+ 34. Kh1 Qh4+ 35. Kg2 Qg4+ 36. Kf1 Qxc4+ 37. Kg2 Qg4+ 38. Kh1 Qh3# 0-1